|
|
|
|
| LEADER |
01651cas a2200253 a 4500 |
| 001 |
AALejournalIMF005195 |
| 008 |
230101c9999 xx r poo 0 0eng d |
| 020 |
|
|
|c 5.00 USD
|
| 020 |
|
|
|z 9781451837360
|
| 022 |
|
|
|a 1934-7685
|
| 040 |
|
|
|a BD-DhAAL
|c BD-DhAAL
|
| 110 |
2 |
|
|a International Monetary Fund.
|
| 245 |
1 |
0 |
|a Democratic Republic of Timor-Leste :
|b Selected Issues and Statistical Appendix.
|
| 264 |
|
1 |
|a Washington, D.C. :
|b International Monetary Fund,
|c 2008.
|
| 300 |
|
|
|a 1 online resource (32 pages)
|
| 490 |
1 |
|
|a IMF Staff Country Reports
|
| 500 |
|
|
|a <strong>Off-Campus Access:</strong> No User ID or Password Required
|
| 500 |
|
|
|a <strong>On-Campus Access:</strong> No User ID or Password Required
|
| 506 |
|
|
|a Electronic access restricted to authorized BRAC University faculty, staff and students
|
| 520 |
3 |
|
|a The recent rise in inflation in Timor-Leste has raised concerns about international competitiveness and the cost of living. After remaining relatively subdued for several years, inflation in Timor-Leste rose decisively over the past two years. Higher food prices account for most of the increase in the consumer price index (CPI) in 2006-07. In contrast, the pace of non-food CPI inflation decelerated slightly in 2007, to below 3.5 percent on average. Further, based on Q1 2008 data, the second-round impact of oil price increases on inflation is emerging.
|
| 538 |
|
|
|a Mode of access: Internet
|
| 651 |
|
7 |
|a Timor
|2 imf
|
| 830 |
|
0 |
|a IMF Staff Country Reports; Country Report ;
|v No. 2008/203
|
| 856 |
4 |
0 |
|z Full text available on IMF
|u http://elibrary.imf.org/view/journals/002/2008/203/002.2008.issue-203-en.xml
|z IMF e-Library
|